| 000 | 00625nam a2200229 a 4500 | ||
|---|---|---|---|
| 001 | 61320 | ||
| 003 | BD-RjUL | ||
| 005 | 20211209080940.0 | ||
| 008 | 170117r19551859xxu |||| |||| 00| 0 eng d | ||
| 035 | _a(BD-RjUL)61444 | ||
| 040 |
_aBD-RjUL _beng _cBD-RjUL |
||
| 041 | _aeng | ||
| 082 |
_223 _a323.44 _bMIO 1955 |
||
| 100 | 1 |
_aMill, John Stuart _9182883 |
|
| 245 | 1 | 0 |
_aOn Liberty / _cJohn Stuart Mill. |
| 260 |
_aillinois : _bThe Great Books Foundation _cc1955. |
||
| 300 |
_a141 p. ; _c19 cm. |
||
| 490 |
_aThe Great Book ; _vvol. 9 |
||
| 650 |
_aLiberty _9170799 |
||
| 830 |
_aThe Great Book ; _9182884 |
||
| 942 |
_2ddc _cBK |
||
| 999 |
_c61320 _d61320 |
||